[Event "US-ch Open 2019"]
[Site "Saint Louis"]
[Date "2019.03.27"]
[Round "7.3"]
[White "Gareyev, Timur"]
[Black "Caruana, Fabiano"]
[Result "0-1"]
[WhiteElo "2557"]
[BlackElo "2828"]
[Annotator "TA"]
[PlyCount "250"]
[EventDate "2019.03.20"]
[EventType "swiss"]
[EventCountry "USA"]
[SourceTitle "playchess.com"]
[Source "ChessBase"]
[SourceQuality "1"]

{[%evp 15,250,31,32,40,31,30,42,28,33,36,36,29,19,26,40,30,29,41,35,31,35,-4,18,14,4,15,16,15,18,12,33,22,28,35,33,19,21,20,56,18,13,17,33,16,20,18,20,18,20,18,18,18,28,18,21,18,18,18,43,18,20,18,26,0,18,0,27,18,24,20,32,9,9,8,37,19,16,0,12,0,0,0,0,0,0,0,0,-29,-26,-26,-23,-18,-22,-18,-22,-25,-20,-61,-57,-144,-155,-141,-147,-161,-80,-75,-79,-79,-8,-9,0,-9,-10,-113,-88,-420,-406,-364,-45,-35,-43,-43,-20,-20,-20,-20,-20,-20,-20,-20,-20,-20,-20,-20,-20,-20,-20,-20,-20,-42,-27,-42,-20,-20,-20,-35,-20,-42,-42,-42,-42,-42,-42,-42,-20,-42,-42,-42,-20,-20,-20,-20,-20,-20,-20,-42,-20,-20,0,-42,-20,-20,-20,-20,-15,-15,-15,-15,-15,-20,-20,-20,-15,-20,-20,-20,-20,-42,-42,-42,-42,-42,-15,-42,-42,-42,-42,-42,-42,-42,-42,-42,0,-42,-42,-42,-42,-42,-42,-42,-20,-20,-27,-42,-35,-42,-42,-42,-42,-39,-16,-39,-39,-39,-39,-38,-39,-48,-8,-29986,-29987,-29987,-29988,-29988,-29988,-29990,-29991]} 1. Nf3 d5 2. d4 Nf6 3. c4 dxc4 4. e3 e6 5. Bxc4 c5 6. O-O a6 7. dxc5 Bxc5 8. Qxd8+ Kxd8 9. Rd1+ {D27: Queen's Gambit Accepted: Classical main line: 7 e4!? and 7 a4} (9. Ne5 Ke7 10. Be2 Nbd7 11. Nc4 b6 12. Nbd2 a5 13. Nb3 Ba6 14. Nxc5 bxc5 15. f3 Rhb8 16. Kf2 a4 {½-½ (27) Van Wely,L (2663)-Ponomariov,R (2687) Germany 2018}) 9... Ke7 10. Be2 b6 11. Ne5 {White is slightly better.} Bb7 12. Nd2 Rd8 13. Nd3 Bd6 14. Nc4 Bc7 $1 15. b3 Nc6 $146 ({Predecessor:} 15... b5 16. Nce5 Ne4 {1-0 (45) Goryachkina,A (2438)-Wozniak,M (2069) Warsaw 2013}) 16. Ba3+ Ke8 17. Bf3 Nd5 18. Nf4 b5 19. Nxd5 exd5 20. Nd2 {[%cal Bc4d2,Bd2f1,Bf1g3][%mdl 32]} Be5 21. Rab1 $1 b4 22. Bb2 Bc3 23. Nf1 Bxb2 24. Rxb2 Ne5 25. Ng3 Rac8 26. Rbd2 {[%cal Rf3d5]} Rc5 27. Nf5 g6 28. Nd4 a5 29. a3 bxa3 30. Ra2 Nc6 31. h3 Nb4 32. Rxa3 Kd7 33. g4 Kc7 34. Kg2 Kb6 35. h4 Rc3 36. Rda1 Ra8 37. g5 Bc6 38. Rd1 Rd8 39. Rda1 Rc5 40. Rd1 Bd7 41. Kg3 Rdc8 42. Raa1 Be6 43. h5 Rc3 44. Rab1 Rg8 45. Rh1 Nc6 46. Nxc6 Rxc6 47. hxg6 Rxg6 48. Kf4 Rc2 49. Rbf1 Rb2 50. Bd1 a4 51. bxa4 (51. Bh5 $5 {[%cal Rh5g6]} Rg8 52. bxa4 Rb4+ 53. Ke5 Rxg5+ 54. Kf6 Rf5+ 55. Ke7 $11) 51... Rb4+ 52. Kf3 Rxg5 53. Ke2 d4 54. Rfg1 Rd5 55. exd4 Rbxd4 56. f3 h5 57. Kf2 ({Better is} 57. Ke3 $15) 57... Rd2+ $1 $17 58. Ke3 R5d3+ 59. Kf4 {[#]} h4 $1 {[%mdl 512]} 60. Re1 (60. Rxh4 Rxd1) 60... Rd4+ 61. Ke3 f5 (61... R2d3+ $1 $17 62. Kf2 Ra3) 62. Be2 $11 f4+ 63. Kf2 h3 64. Rb1+ (64. Kg1 $1 $11 {was the only way to keep the balance.}) 64... Ka7 65. Ke1 $2 {[%mdl 8192]} (65. Rb5 $17 {nothing else works.}) 65... Ra2 $19 66. Bf1 Rd5 $2 ({Inferior is} 66... Raxa4 67. Bxh3 Ba2 68. Rb2 $11) ({Worse is} 66... h2 67. Be2 $15) (66... Rdxa4 $19 67. Bxh3 Ra1 68. Rxa1 Rxa1+ 69. Kd2 Rxh1 70. Bxe6 Kb6) 67. Bxh3 $15 Rh5 68. Bg2 $1 Rxh1+ 69. Bxh1 {[%mdl 4096] Endgame KRB-KRB} Rh2 70. Bg2 Rxg2 $11 {KRB-KR} 71. Rb4 Bd5 72. Rxf4 Kb6 73. a5+ Kc5 74. a6 Ra2 (74... Rc2 {looks sharper.} 75. a7 Ra2 76. Kd1 Bb3+ 77. Kc1 Rxa7 78. Kd2 Rd7+) 75. a7 Rxa7 (75... Bc6 {is interesting.} 76. Rf6 Bb7 77. Rf7 Rxa7 78. Kd2 Ra2+) 76. Kf2 Kd6 77. Kg3 Ke5 78. Rf8 Bf7 79. Rb8 Ra3 80. Rb4 Bd5 81. Rf4 Ra8 82. Rg4 Rf8 83. f4+ Kd4 84. f5+ Ke5 85. Rg5 Be4 (85... Rxf5 $2 86. Rxf5+ Kxf5 $19) 86. f6+ Bf5 (86... Kxf6 $2 87. Kf4 $19) (86... Kd4 {with more complications.} 87. Rb5 Ke3 88. Rb3+ Bd3 89. Kg2 Ra8) 87. Kf2 Rxf6 (87... Kxf6 $2 88. Rh5 $19) 88. Ke3 Ra6 89. Rg3 Ra2 90. Rf3 Be4 91. Rg3 Bf5 92. Rf3 Bg4 93. Rg3 Ra4 (93... Ra3+ {is more complex.} 94. Kf2 Ra4 95. Ke3 Bf5 96. Rg5 Ra8) 94. Kd2 Kf4 95. Rb3 Be6 96. Rb6 Bd5 97. Rb2 Ke4 98. Kc3 Ke3 99. Rb4 Ra3+ 100. Kb2 Ra8 101. Kc3 Rc8+ 102. Kb2 Kd3 {White must now prevent ...Rc2+.} 103. Ka3 Bc4 {...Ra8+ is the strong threat.} 104. Rb2 Ra8+ 105. Kb4 Kd4 106. Rd2+ Bd3 107. Rb2 Ra7 {Hoping for ...Ra1.} 108. Rb3 Ra8 {Strongly threatening ...Bc4.} 109. Rb2 $1 Ra1 110. Rb3 Bc4 111. Rb2 Rd1 {Threatens to win with ...Ra1.} 112. Ka3 Kc5 (112... Kc3 $2 113. Rb3+ Kd4 114. Rb6 $19) 113. Rb7 Rd2 {[%csl Gc4][%cal Rd2a2]} 114. Rc7+ $1 Kd4 115. Kb4 Rb2+ 116. Ka5 Kd5 {aiming for ...Bf1.} 117. Rc8 Rb5+ 118. Ka4 Kd4 119. Rh8 Rb1 {And now ...Bb5+ would win.} 120. Rh3 Bd3 121. Ka5 Kc3 {( -> ...Rb5+)} 122. Rg3 $2 {[%mdl 8192] [#]} (122. Rh5 $11 Bc4 123. Rc5) 122... Rb5+ $1 {Black mates.} 123. Ka4 Rh5 124. Rf3 Rh1 {[%cal Rh1a1]} 125. Ka5 {[#]} Rh6 $1 {Accuracy: White = 59%, Black = 67%.} 0-1

[Event "US-ch Open 2019"]
[Site "Saint Louis"]
[Date "2019.03.27"]
[Round "7.4"]
[White "Dominguez Perez, Leinier"]
[Black "Lenderman, Aleksandr"]
[Result "1-0"]
[WhiteElo "2739"]
[BlackElo "2637"]
[Annotator "TA"]
[PlyCount "91"]
[EventDate "2019.03.20"]
[EventType "swiss"]
[EventCountry "USA"]
[SourceTitle "playchess.com"]
[Source "ChessBase"]
[SourceQuality "1"]

{[%evp 24,91,24,22,28,28,28,28,29,33,35,33,31,31,36,11,11,9,9,12,14,13,94,104,144,90,89,83,131,120,119,126,138,127,202,191,200,204,191,198,210,204,217,190,242,175,183,167,190,173,177,191,187,185,5415,5197,29959,29961,29960,29959,29970,29971,29969,29971,29971,29972,29972,29973,29972,29973]} 1. e4 c5 2. Nf3 e6 3. d4 cxd4 4. Nxd4 Nf6 5. Nc3 Nc6 6. Ndb5 Bb4 7. a3 Bxc3+ 8. Nxc3 d5 9. exd5 exd5 10. Bd3 O-O 11. O-O d4 12. Ne2 Bg4 13. Bg5 h6 {B45: Sicilian Four Knights} 14. Bh4 Bxe2 15. Qxe2 (15. Bxe2 Re8 16. Re1 Re4 17. Bg3 Qb6 18. b4 Rae8 19. Qd2 R4e7 20. Bf3 Ne4 21. Bxe4 Rxe4 22. Rxe4 Rxe4 {½-½ (53) Hovhannisyan,R (2621)-Kovalenko,I (2646) Tegernsee 2018}) 15... Re8 {White has an edge.} 16. Qf3 Ne5 17. Qxb7 Nxd3 18. cxd3 Qd5 {[#]} 19. Qxd5 $146 ({Predecessor:} 19. Qb4 Rab8 20. Qd2 Nd7 21. Bg3 {½-½ (53) Drugda,M (2523)-Karapchanski,D (2534) ICCF email 2010}) 19... Nxd5 20. Bg3 Re2 21. Rab1 f5 {And now ...f4 would win.} 22. Bd6 Rc8 (22... Rd8 $1 $11 {keeps the balance.} 23. Bc5 Nf4) 23. Rfe1 $16 Rxe1+ 24. Rxe1 {[%mdl 4096] Endgame KRB-KRN} Rc2 25. Rb1 Rd2 26. Be5 Rxd3 27. Kf1 $1 Kf7 28. Ke2 Rxa3 (28... Rb3 $16) 29. bxa3 $18 {[%cal Bb2a3,Ba3a4,Ba4a5][%mdl 32]} Nc3+ 30. Kd3 Nxb1 {KB-KN} 31. a4 $1 ({Stronger than} 31. Kxd4 Nxa3 32. Kc5 g5 $11) 31... Nc3 32. a5 $1 ({Much less strong is} 32. Bxd4 $6 Nxa4 33. Bxa7 Ke6 $16) 32... Nb5 33. Bxd4 g5 (33... a6 {might work better.} 34. Kc4 Nc7) 34. Bb2 Ke6 35. Kc4 $1 {[%cal Rc4b5]} Nd6+ {[#]} 36. Kc5 $1 Nb7+ {[#]} 37. Kb5 $1 Kd5 38. Ka6 Nxa5 $2 (38... Nc5+ 39. Kxa7 Kc6) 39. Kxa5 {KB-KP} Ke4 40. Bc1 {White mates.} f4 {[#]} 41. h4 $1 Kd3 (41... gxh4 42. f3+) 42. hxg5 hxg5 43. g3 Ke4 44. gxf4 gxf4 45. Ba3 Kd5 46. Ka6 {Accuracy: White = 97%, Black = 43%.} 1-0

[Event "US-ch Open 2019"]
[Site "Saint Louis"]
[Date "2019.03.27"]
[Round "7.5"]
[White "Robson, Ray"]
[Black "Sevian, Samuel"]
[Result "0-1"]
[WhiteElo "2667"]
[BlackElo "2642"]
[Annotator "TA"]
[PlyCount "50"]
[EventDate "2019.03.20"]
[EventType "swiss"]
[EventCountry "USA"]
[SourceTitle "playchess.com"]
[Source "ChessBase"]
[SourceQuality "1"]

{[%evp 9,50,22,15,19,16,14,19,4,22,8,13,9,16,14,31,-23,-29,-23,-27,-61,-55,-51,-45,-56,-30,-60,-41,-85,-63,-263,-250,-355,-331,-882,-912,-860,-421,-29988,-29989,-29997,-29998,-29998,-29999]} 1. e4 e5 2. Nf3 Nc6 3. Bb5 Nf6 4. d3 Bc5 5. Bxc6 dxc6 6. O-O {C65: Ruy Lopez: Berlin Defence (3...Nf6), unusual lines and 4 0-0 Bc5} (6. Nbd2 Be6 7. O-O Bd6 8. b3 O-O 9. Nc4 Nd7 10. a4 Bxc4 11. bxc4 a5 12. Bg5 Be7 13. Be3 b6 {½-½ (52) Caruana,F (2828)-Nakamura,H (2749) chess.com INT 2019}) 6... Nd7 7. c3 O-O 8. d4 {The position is equal.} Bd6 9. Bg5 f6 10. Bh4 Qe8 $146 ({Predecessor:} 10... Qe7 11. Re1 Re8 12. Nbd2 a5 13. Nc4 Qf7 {½-½ (33) Romm,M (2445)-De Carlos Arregui,I (2411) ICCF email 2017}) 11. Nbd2 Nb6 12. h3 ({White should play} 12. Re1 $14) 12... exd4 $11 13. cxd4 Qg6 14. Kh1 Be6 15. a3 Bf4 16. Re1 f5 17. exf5 Bxf5 18. Qb3+ Nd5 19. Qxb7 $2 (19. Nc4 $1 $15) 19... Rab8 $19 20. Qxa7 (20. Qa6 {was forced.} Bxd2 21. Nxd2) 20... Rxb2 21. Nc4 $2 {[#]} (21. Bg3 Bxd2 22. Re2) 21... Bxh3 $1 {[%mdl 512]} 22. gxh3 Qd3 (22... Rb3 $142 23. Nce5 Bxe5 24. dxe5 Rbxf3) 23. Kg2 {[#]} (23. Ng1 $19 Qxc4 24. Rab1 Rxb1 25. Rxb1) 23... Bd6 $1 {[%mdl 512] Black mates.} 24. Ng1 {[#]} Rfxf2+ $1 {[%mdl 576] Remove Defender, Decoy} 25. Bxf2 Qg3+ $1 {[%mdl 64] Double Attack. Accuracy: White = 26%, Black = 72%.} 0-1

[Event "US-ch Open 2019"]
[Site "Saint Louis"]
[Date "2019.03.27"]
[Round "7.6"]
[White "Shankland, Samuel"]
[Black "Liang, Awonder"]
[Result "1/2-1/2"]
[WhiteElo "2731"]
[BlackElo "2590"]
[Annotator "TA"]
[PlyCount "116"]
[EventDate "2019.03.20"]
[EventType "swiss"]
[EventCountry "USA"]
[SourceTitle "playchess.com"]
[Source "ChessBase"]
[SourceQuality "1"]

{[%evp 9,116,3,9,2,5,7,6,6,0,2,6,7,11,9,0,0,2,14,14,4,12,13,8,0,13,0,13,-7,-4,-6,-6,-6,0,-35,-31,-27,0,0,0,0,0,0,0,0,21,23,23,21,39,39,39,39,38,38,38,38,38,38,291,291,291,291,291,291,291,283,281,221,221,45,45,45,45,45,45,35,35,31,31,29,29,29,29,29,29,29,29,0,29,29,29,29,29,29,29,29,29,29,29,29,29,29,29,29,29,0,29,0,29]} 1. d4 Nf6 2. Bf4 e6 3. e3 d5 4. Nf3 Bd6 5. Be2 (5. Nbd2 Bxf4 6. exf4 O-O 7. Bd3 b6 8. Qe2 a5 9. Ne5 c5 10. c3 Ba6 11. Bxa6 Nxa6 12. O-O Nc7 13. Rad1 Qc8 14. Rfe1 {1-0 (72) Duda,J (2738)-Vitiugov,N (2719) St Petersburg 2018}) 5... O-O 6. O-O {D02: 1 d4 d5 2 Nf3 sidelines, including 2...Nf6 3 g3 and 2...Nf6 3 Bf4} b6 7. Bxd6 $146 ({Predecessor:} 7. Ne5 c5 8. Nd2 Bb7 9. c4 Nc6 10. cxd5 Nxd5 11. Nxc6 Bxc6 12. Bxd6 Qxd6 13. dxc5 Qxc5 {1-0 (32) Admiraal,M (2453)-Roberson,P (2412) chess.com INT 2018}) 7... cxd6 8. c4 dxc4 9. Bxc4 Bb7 10. Nc3 Nc6 11. Rc1 Ne7 12. Bd3 Ned5 13. Nxd5 Bxd5 14. Qa4 a6 15. Nd2 b5 16. Qa3 Qb6 17. Rc2 e5 18. Qb4 exd4 ({Reject} 18... Bxa2 $6 19. b3 $16) 19. Qxd4 Qxd4 20. exd4 Rfc8 21. Rfc1 Rxc2 22. Rxc2 Kf8 23. a3 Ke8 24. f3 Kd7 25. Kf2 g6 26. Ne4 Nxe4+ (26... Ng8 {keeps more tension.} 27. g4 Rf8 28. Ng5 Nf6 29. Ne4 Bxe4 30. Bxe4 Nxe4+ 31. fxe4 h5) 27. fxe4 $11 {[%mdl 4096] Endgame KRB-KRB} Bb7 28. Kg3 Rc8 29. Rxc8 Bxc8 $14 {KB-KB} 30. Kf4 f6 31. e5 Ke7 32. h4 Bd7 33. b4 d5 $2 {[%mdl 8192] [#]} (33... Bc6 $14) 34. exf6+ $1 $18 Kxf6 35. g4 Be8 36. g5+ Ke6 37. Be2 Kd6 {[#]} 38. Bg4 $1 Bf7 39. Bd1 $2 (39. Bc8 $18) 39... Be6 $14 40. Bc2 Bf7 41. h5 Be8 42. h6 Bf7 43. a4 Be8 44. a5 Bf7 45. Bb1 Be8 46. Bd3 Bf7 47. Be2 Be6 48. Bd3 {And now Bxg6! would win.} Bf7 49. Bc2 Be8 50. Bd1 Bf7 51. Bg4 {Hoping for Bc8.} Be6 52. Bf3 Bf7 53. Bd1 Be6 54. Be2 Bf7 55. Bd3 $1 Be8 56. Bf1 {Threatens to win with Bh3.} Bf7 57. Be2 Be6 58. Bd3 {Black must now prevent Bxg6!} Bf7 {Accuracy: White = 72%, Black = 81%.} 1/2-1/2

[Event "US-ch Open 2019"]
[Site "Saint Louis"]
[Date "2019.03.28"]
[Round "8.1"]
[White "Nakamura, Hikaru"]
[Black "Shankland, Samuel"]
[Result "1/2-1/2"]
[WhiteElo "2746"]
[BlackElo "2731"]
[Annotator "TA"]
[PlyCount "60"]
[EventDate "2019.03.20"]
[EventType "swiss"]
[EventCountry "USA"]
[SourceTitle "playchess.com"]
[Source "ChessBase"]
[SourceQuality "1"]

{[%evp 22,60,8,26,29,22,21,13,19,16,19,17,10,10,10,0,6,6,3,0,0,0,0,0,25,29,17,12,12,10,11,6,7,2,8,0,0,0,0,0,0]} 1. d4 d5 2. c4 c6 3. Nf3 Nf6 4. Nc3 dxc4 5. a4 e6 6. e3 c5 7. Bxc4 cxd4 {D16: Slav Defence: 5 a4: Lines with 5...Bg4 and 5...Na6} 8. exd4 Be7 (8... Nc6 9. O-O Be7 10. Bg5 O-O 11. Qd2 b6 12. d5 Na5 13. Ba2 Nxd5 14. Nxd5 exd5 15. Bxe7 Qxe7 16. b4 Nc4 17. Qxd5 {0-1 (79) Navara,D (2740)-Grandelius,N (2655) Porto Carras 2018}) 9. O-O O-O 10. d5 exd5 11. Nxd5 Nxd5 12. Bxd5 {LiveBook: 3 Games} Nd7 13. h3 $146 ({Predecessor:} 13. Be3 Nf6 {½-½ (13) Bozinovic,B (2176)-Polajzer,D (2273) Zalakaros 2018}) 13... Nf6 14. Bc4 b6 15. Qb3 Bb7 16. Bf4 Bd5 17. Rfe1 {[#] Threatens to win with Rad1.} Re8 18. Re5 Bxc4 19. Qxc4 Qd7 20. Be3 Bd6 21. Rxe8+ Rxe8 22. Qb5 Bb8 23. Qxd7 Nxd7 24. a5 {The position is equal.} bxa5 25. Rxa5 Ne5 26. Nxe5 Rxe5 27. Ra1 h5 28. Kf1 Rb5 29. Bxa7 Bxa7 30. Rxa7 Rxb2 {Accuracy: White = 67%, Black = 64%.} 1/2-1/2

[Event "US-ch Open 2019"]
[Site "Saint Louis"]
[Date "2019.03.28"]
[Round "8.2"]
[White "Caruana, Fabiano"]
[Black "So, Wesley"]
[Result "1/2-1/2"]
[WhiteElo "2828"]
[BlackElo "2762"]
[Annotator "TA"]
[PlyCount "70"]
[EventDate "2019.03.20"]
[EventType "swiss"]
[EventCountry "USA"]
[SourceTitle "playchess.com"]
[Source "ChessBase"]
[SourceQuality "1"]

{[%evp 25,70,23,39,0,12,0,12,-39,0,0,0,-19,5,3,3,0,3,0,0,0,0,0,0,0,0,0,0,-35,-21,-57,-35,-27,-34,-94,7,7,7,6,4,5,5,0,0,0,0,0,0]} 1. d4 Nf6 2. c4 e6 3. g3 d5 4. Bg2 dxc4 5. Nf3 c5 6. O-O Nc6 7. Ne5 Bd7 8. Nxc4 cxd4 9. Bf4 Nd5 10. Nd6+ Bxd6 11. Bxd6 Nde7 12. Nd2 O-O 13. Qb3 b6 {[%cal Bb7b6,Bb6b5,Bb5b4][%mdl 32] LiveBook: 3 Games. E04: Open Catalan: 5 Nf3} (13... Bc8 14. Nc4 Re8 15. Bc5 Nf5 16. e4 dxe3 17. fxe3 Qg5 18. Ba3 e5 19. Nd6 Nxd6 20. Bxd6 Nd8 21. Kh1 {0-1 (42) Gelfand,B (2691)-Karpov,A (2710) Monte Carlo 1999}) 14. Nc4 {[%mdl 1024] White has compensation.} Rc8 15. Qa3 $146 ({Predecessor:} 15. Rfd1 Kh8 16. Qa3 Re8 17. Bxe7 Rxe7 18. Nd6 Rc7 19. Nb5 Rc8 20. Nxd4 Nxd4 21. Rxd4 e5 22. Rd2 Rc7 23. Rad1 Kg8 24. Qd6 Re6 25. Qxc7 Qxc7 26. Rxd7 {1-0 (26) Krasenkow,M-Shestakov,S Moscow 1987}) 15... b5 16. Nd2 ({Better is} 16. Ne5 $11) 16... b4 17. Qa6 e5 18. Rac1 Be6 19. Bxe7 Nxe7 20. Qxa7 Nd5 21. Rc5 Qb6 $36 {[%mdl 2048] Black has the initiative.} 22. Qxb6 Nxb6 23. Rb5 Rc2 24. Nf3 Nd7 25. Rxb4 Bxa2 26. Re1 Be6 27. h3 f6 28. e3 d3 {Strongly threatening ...d2.} 29. Rd1 {[#]} (29. Bf1 $1 $15) 29... Rb8 (29... Rfc8 $1 $17 {...Rc1 is the strong threat.} 30. Rxd3 {[#]} e4 $1 {[%mdl 512]} 31. Rxe4 Nc5) 30. Rxb8+ $11 {The position is equal.} Nxb8 31. Ne1 Rxb2 32. Nxd3 Rb5 33. Nc5 Rxc5 34. Rd8+ Kf7 {And now ...Nc6 would win.} 35. Rxb8 Rc1+ {Precision: White = 34%, Black = 47%.} 1/2-1/2

[Event "US-ch Open 2019"]
[Site "Saint Louis"]
[Date "2019.03.28"]
[Round "8.3"]
[White "Sevian, Samuel"]
[Black "Dominguez Perez, Leinier"]
[Result "0-1"]
[WhiteElo "2642"]
[BlackElo "2739"]
[Annotator "TA"]
[PlyCount "124"]
[EventDate "2019.03.20"]
[EventType "swiss"]
[EventCountry "USA"]
[SourceTitle "playchess.com"]
[Source "ChessBase"]
[SourceQuality "1"]

{[%evp 31,124,0,0,0,0,0,0,0,0,0,0,0,0,0,0,0,0,-41,12,0,0,0,0,0,0,0,0,0,0,0,0,-14,0,-3,-3,-2,-3,-3,-3,-3,-3,-4,0,0,0,-33,-33,-33,-33,-154,-154,-154,-154,-154,-154,-154,-154,-250,-250,-250,-249,-495,-495,-1380,-1294,-1056,-1050,-29964,-29967,-29967,-29967,-29967,-29969,-29967,-29969,-29970,-29974,-29975,-29976,-29980,-29981,-29981,-29982,-29982,-29983,-29983,-29984,-29984,-29985,-29985,-29985,-29986,-29987,-29987,-29988]} 1. d4 Nf6 2. Nf3 d5 3. c4 e6 4. Nc3 c5 5. cxd5 Nxd5 6. e4 Nxc3 7. bxc3 cxd4 8. cxd4 Bb4+ 9. Bd2 Bxd2+ 10. Qxd2 O-O 11. Bc4 Nd7 12. O-O b6 13. Rad1 Bb7 14. Rfe1 Rc8 {D41: Queen's Gambit Declined: Semi-Tarrasch with 5 cxd5} 15. Bb3 Re8 16. d5 (16. h3 Nf6 17. Qf4 Nh5 18. Qh2 h6 19. h4 a5 20. g4 Nf6 21. Qf4 b5 22. Ne5 {½-½ (50) Adhiban,B (2683)-Ding,L (2812) Astana 2019}) 16... exd5 {LiveBook: 3 Games. The position is equal.} 17. exd5 Nc5 18. d6 Bxf3 $1 19. Rxe8+ Qxe8 20. gxf3 {Hoping for d7.} Qc6 $146 ({Predecessor:} 20... Qd7 21. Re1 Ne6 22. f4 {½-½ (49) Jaeckel,C (2394)-Kveinys,V (2131) ICCF email 2011}) 21. Bd5 Qd7 22. Qf4 Rd8 23. Be4 g6 24. h4 {[%cal Bh2h4,Bh4h5][%mdl 32]} Qe6 {[#]} ({Black should play} 24... Ne6 $15 25. Qe5 Qa4) 25. h5 $1 {[%mdl 512]} Nd7 (25... gxh5 26. Qg5+) 26. Bd5 Qf6 27. Qe3 {And now Qe7 would win.} Nc5 28. Rd4 gxh5 (28... Rxd6 29. Bxf7+ $1 {[%mdl 512]} Kxf7 30. Rf4 $16) 29. Rf4 Qg6+ (29... Qxd6 $2 30. Bxf7+ Kg7 31. Qc3+ Kf8 32. Rf5 $18) 30. Kh1 Ne6 ({But not} 30... Rxd6 $2 31. Qe8+ Kg7 32. Rxf7+ Kh6 33. Qe3+ Qg5 34. Rxh7+ $1 {[%mdl 512]} Kg6 35. Rg7+ $1 {[%mdl 512]} Kxg7 36. Qxg5+ $18) ({Don't go for} 30... Qxd6 $2 31. Bxf7+ Kg7 32. Qc3+ Kf8 33. Rf5 $18) 31. Rc4 h6 ({Don't blunder} 31... Rxd6 $2 32. Rc8+ Nd8 33. Qe8+ Kg7 34. Rxd8 $18) 32. Bxe6 (32. Qe5 {looks sharper.} Qg5 33. f4 Qh4+ 34. Kg2 Qg4+ 35. Kh2) 32... Qxe6 33. Qxe6 fxe6 $11 {[%mdl 4096] Endgame KR-KR} 34. Rc7 a5 35. Rc6 $1 b5 36. Rb6 a4 37. Kg2 Kf7 38. a3 Rg8+ 39. Kf1 $1 Rg5 {aiming for ...Ke8.} 40. d7 (40. Rb7+ $15 Kf6 41. Rh7) 40... Ke7 $1 $17 {[%cal Re7d7]} 41. Rxe6+ Kxd7 42. Rxh6 Rc5 43. f4 Kc7 $1 44. f5 (44. Ke2 $17) 44... Rxf5 $19 45. Ke2 Kb7 $1 46. f3 $2 {[#]} (46. Rd6) 46... b4 $1 {[%mdl 512]} 47. axb4 (47. Rh7+ $142 Kb6 48. axb4) 47... a3 {...a2 is the strong threat.} 48. Rd6 Rf8 49. Kf2 Ra8 $1 {Black mates.} 50. Rd1 Kb6 51. Kg3 Kb5 $1 {[%cal Rb5b4]} 52. Kh4 {[#]} Rf8 $1 {[%cal Rf8f3]} (52... a2 $2 53. Ra1 $19) 53. Rf1 {[#]} Rf5 $1 54. f4 Kxb4 55. Rf2 Ra5 56. Ra2 Kb3 57. Ra1 a2 58. Rf1 a1=Q 59. Rxa1 Rxa1 60. Kxh5 Rf1 61. Kg5 Kc4 62. f5 Kd5 {Precision: White = 53%, Black = 85%.} 0-1

[Event "US-ch Open 2019"]
[Site "Saint Louis"]
[Date "2019.03.28"]
[Round "8.4"]
[White "Lenderman, Aleksandr"]
[Black "Xiong, Jeffery"]
[Result "1/2-1/2"]
[WhiteElo "2637"]
[BlackElo "2663"]
[Annotator "TA"]
[PlyCount "142"]
[EventDate "2019.03.20"]
[EventType "swiss"]
[EventCountry "USA"]
[SourceTitle "playchess.com"]
[Source "ChessBase"]
[SourceQuality "1"]

{[%evp 29,142,-48,-39,-37,-60,-52,-52,-42,-14,-36,-29,-40,-46,-50,-35,-50,-43,-65,-14,-14,-11,-70,-70,-70,-70,-70,-70,-95,-95,-99,-99,-99,-26,-99,-99,-99,-99,-99,-99,-99,0,-99,-99,-99,-22,-113,-113,-113,-113,-113,-113,-113,-113,-113,-113,-114,-113,-114,-114,-114,0,0,0,-114,-113,-113,-8,-113,-113,-113,-30,-113,-113,-113,-113,-113,-113,-114,-114,-114,-114,-114,-114,-114,-8,-114,-114,-114,-8,-114,-114,-114,-114,-114,-114,-114,0,-114,-114,-114,-8,-8,-14,-114,0,0,0,-114,-114,-114,-114,-114,0,-72,0]} 1. Nf3 Nf6 2. c4 c5 3. b3 g6 4. Bb2 Bg7 5. g3 b6 6. Bg2 Bb7 7. O-O O-O 8. Nc3 d5 9. Nxd5 Nxd5 10. Bxg7 Kxg7 11. cxd5 Qxd5 12. d4 Na6 13. e4 {A30: Symmetrical English: Double Fianchetto and Hedgehog} Qd6 14. d5 e6 15. Nd2 exd5 {LiveBook: 4 Games} 16. exd5 Rad8 ({But not} 16... Bxd5 $2 17. Nc4 $18) 17. Nc4 Qf6 $1 18. Ne3 Nc7 19. Qd2 (19. b4 $5) 19... h5 20. Rac1 Rd7 {[#]} 21. b4 $146 Nxd5 22. bxc5 {[%cal Rg2d5]} Rfd8 23. cxb6 Nxe3 (23... Nf4 $15 24. Nf5+ Qxf5 25. Qxf4 Qxf4 26. gxf4 Bxg2 27. Kxg2 axb6) 24. Qxe3 $11 Rd3 25. Qf4 (25. Qe1 $11 Bxg2 26. Kxg2) 25... Qxf4 $15 26. gxf4 Bxg2 27. Kxg2 {And now b7 would win.} axb6 {[%mdl 4096] Endgame KRR-KRR} 28. Rc6 Ra8 29. Rxb6 Rxa2 30. Rb4 Kf6 (30... h4 $1 $17 31. h3 Rc3) 31. Rc4 (31. h4 $11 {remains equal.}) 31... h4 $1 $17 32. h3 Rg3+ 33. Kh2 Rf3 34. Kg2 Rg3+ 35. Kh2 Re2 36. Ra4 Kf5 (36... Rc2 $17 37. Rd4 Rgc3) 37. Rb4 (37. Ra7 $11) 37... Rf3 38. Kg2 Rxf4 39. Rxf4+ Kxf4 {KR-KR} 40. Ra1 f5 41. Ra6 g5 42. Rh6 Re5 43. Rh5 Re8 44. Rh7 Ke4 (44... Ra8 $17 45. Rg7 Ra4) 45. Rg7 $11 Kf4 (45... Rh8 $11) 46. Rh7 $1 $17 Ke5 47. Rh5 Kf6 {[#]} ({Better is} 47... Rg8 $1 $17 {White should prevent ...Ke4.} 48. Kf3 Kf6 49. Rh6+ Kg7) 48. Rh6+ (48. f4 $1 $11 {[%mdl 512]}) 48... Kg7 $1 {[%cal Rg7h6]} 49. Ra6 Kf7 (49... Re2 $17 50. Ra5 Kf6) 50. Ra5 (50. f4 $1 $11) 50... Kf6 51. Ra6+ Re6 52. Ra4 Rb6 53. Rc4 Rb3 54. Ra4 f4 55. f3 Rb2+ 56. Kg1 Ke5 (56... Rd2 $17 57. Ra8 Rd5 58. Ra6+ Ke5) 57. Re4+ (57. Ra5+ $11 Kf6 58. Ra6+ Kf7 59. Ra5) 57... Kd5 58. Re8 Kd4 (58... Rb5 $17 59. Re4 Rb3) 59. Re7 (59. Re4+ $11 {was the only way to keep the balance.} Kd5 60. Re8) 59... Kd3 60. Re8 Re2 61. Ra8 Re5 62. Kf2 Re2+ 63. Kg1 $1 Rc2 64. Re8 Kd2 ({Black should play} 64... Kd4 $17 65. Rg8 Rc1+ 66. Kg2 Rc2+ 67. Kg1 Rc5) 65. Re5 $11 Rb2 66. Re8 (66. Rxg5 $11 Ke3 67. Rh5) 66... Kd1 ({Black should try} 66... Kd3 $17 67. Re5 Re2 68. Rxg5 Ke3) 67. Re5 Kd2 (67... Rd2 $11) 68. Re8 $17 Kd3 69. Re5 {[#]} Re2 $1 {[%cal Re2e5]} 70. Ra5 Re8 (70... Ke3 $17 71. Ra3+ Kd4 72. Ra4+ Ke5 73. Ra5+ Kf6 74. Ra6+ Kf5) 71. Kf2 {[#]} (71. Rxg5 $11 {keeps the balance.} Re1+ 72. Kg2) 71... Re2+ {Accuracy: White = 55%, Black = 45%.} (71... Rg8 $1 $17) 1/2-1/2